00000000cam 2200000zi 4500
0019.962751
003CaOODSP
00520260515085224
006m     o  d f      
007cr cn|||||||||
008260513s2026    onca    o    f000 0 eng d
040 |aCaOODSP|beng|erda|cCaOODSP
043 |an-cn---
0861 |aD69-102/2026E-PDF
24500|aImpact report 2025 : |bDRDC|RDDC.
24613|aDRDC - impact report 2025
264 1|a[Ottawa] : |bNational Defence = Défense nationale, |c[2026]
300 |a1 online resource (17 pages) : |bcolour illustrations
336 |atext|btxt|2rdacontent
337 |acomputer|bc|2rdamedia
338 |aonline resource|bcr|2rdacarrier
500 |aIssued also in French under title: Rapport d'impact 2025 : RDDC|DRDC.
500 |aPage 17 duplicated in French and inverted.
500 |aTitle from cover.
500 |a"Assistant Deputy Minister (Defence Research and Development Canada)."
61020|aDefence R&D Canada.
650 0|aMilitary research|zCanada.
7102 |aDefence R&D Canada, |eissuing body.
77508|tRapport d'impact 2025 : |w(CaOODSP)9.962817
85640|qPDF|s2.11 MB|uhttps://publications.gc.ca/collections/collection_2026/mdn-dnd/D69-102-2026-eng.pdf